[Event "Arcapita op"]
[Site "Manama"]
[Date "2009.01.26"]
[Round "3"]
[White "Adnani, Moklis"]
[Black "Al Marzouqi, Abdulla M"]
[Result "1-0"]
[WhiteElo "2326"]
[BlackElo "1967"]
[PlyCount "96"]
[EventDate "2009.01.24"]
[EventType "swiss"]
[EventRounds "9"]
[EventCountry "BHN"]
[SourceTitle "CBM 128 Extra"]
[Source "ChessBase"]
[SourceDate "2009.03.05"]
[SourceVersion "2"]
[SourceVersionDate "2009.03.25"]
[SourceQuality "1"]

1. e4 e5 2. Nf3 Nc6 3. c3 Nf6 4. d4 Nxe4 5. d5 Ne7 6. Nxe5 Ng6 7. Qf3 Nxe5 8.
Qxe4 Qe7 9. Be3 d6 10. Bb5+ Bd7 11. Na3 a6 12. Bxd7+ Nxd7 13. Qb4 Nc5 14. O-O
O-O-O 15. Nc4 Qd7 16. a4 b6 17. a5 b5 18. Na3 Re8 19. Rfd1 Re4 20. Rd4 Nd3 21.
Qb3 Nc5 22. Qc2 Rxd4 23. Bxd4 Be7 24. b4 Nb7 25. c4 Qg4 26. Rd1 bxc4 27. Nxc4
Bf6 28. Ne3 Qg6 29. Qc4 Bxd4 30. Rxd4 Re8 31. Qxa6 Qb1+ 32. Qf1 Qxf1+ 33. Kxf1
Nd8 34. Ke2 Kb7 35. Kd3 c6 36. Nf5 Re1 37. Nxd6+ Kc7 38. dxc6 Rd1+ 39. Ke3 Re1+
40. Kd2 Rf1 41. Ke2 Ra1 42. Ne8+ Kc8 43. b5 Rxa5 44. Rd7 Nxc6 45. bxc6 Re5+ 46.
Kd3 Rxe8 47. Rxf7 Re6 48. Rxg7 h6 1-0

[Event "FICS rated standard game"]
[Site "FICS freechess.org"]
[Date "2009.01.26"]
[Round "?"]
[White "BlinkingSpirit"]
[Black "diegodon"]
[Result "0-1"]
[WhiteElo "2051"]
[BlackElo "2010"]
[PlyCount "50"]
[EventDate "2009.??.??"]
[SourceTitle "OM Portal C 201906"]
[Source "Opening Master"]
[SourceDate "2019.06.27"]
[SourceVersion "1"]
[SourceVersionDate "2019.06.27"]
[SourceQuality "1"]

1. e4 e5 2. Nf3 Nc6 3. c3 d5 4. Qa4 Qd6 5. exd5 Qxd5 6. Bb5 Bd7 7. O-O O-O-O 8.
d4 a6 9. Bc4 Qd6 10. Qc2 exd4 11. cxd4 f6 12. Be3 Nge7 13. Nc3 Bg4 14. Ne4 Qd7
15. Nc5 Qf5 16. Bd3 Qh5 17. Be2 Nd5 18. Nxa6 Bd6 19. h3 Bf5 20. Qc4 Nb6 21. Qc1
Rhe8 22. Ne5 Qxe2 23. Nxc6 bxc6 24. Qxc6 Qxa6 25. Rfc1 Qb7 0-1

[Event "Como Province-ch"]
[Site "Como"]
[Date "2009.01.25"]
[Round "3"]
[White "Mason, Giovanni"]
[Black "Gonella, Graziano"]
[Result "1-0"]
[WhiteElo "1565"]
[BlackElo "1140"]
[PlyCount "60"]
[EventDate "2009.01.24"]
[EventType "swiss"]
[EventRounds "6"]
[EventCountry "ITA"]
[SourceTitle "EXT 2011"]
[Source "ChessBase"]
[SourceDate "2010.11.26"]
[SourceVersion "1"]
[SourceVersionDate "2010.11.26"]
[SourceQuality "1"]

1. e4 e5 2. Nf3 Nc6 3. c3 Nf6 4. d3 d5 5. exd5 Nxd5 6. Be2 Be6 7. O-O Bd6 8.
Nbd2 O-O 9. Ne4 Be7 10. a3 Nf4 11. Bxf4 exf4 12. d4 Bf5 13. Bd3 Bg4 14. Ned2
Qd6 15. Re1 Rae8 16. Qc2 g6 17. h3 Bd7 18. Re2 Bd8 19. Rae1 Rxe2 20. Rxe2 Re8
21. Nc4 Qf6 22. Nfe5 Nxe5 23. Nxe5 Bf5 24. Ng4 Qc6 25. Nh6+ Kg7 26. Nxf5+ gxf5
27. Rxe8 Qxe8 28. Qe2 Qe7 29. Qxe7 Bxe7 30. Bxf5 b6 1-0

[Event "31st GK tournament"]
[Site "http://gameknot.com/chess.pl?"]
[Date "2009.01.24"]
[Round "?"]
[White "Nordlicht"]
[Black "Chesshub"]
[Result "0-1"]
[WhiteElo "2065"]
[BlackElo "2371"]
[PlyCount "106"]
[EventDate "2009.??.??"]
[SourceTitle "OM Portal C 201906"]
[Source "Opening Master"]
[SourceDate "2019.06.27"]
[SourceVersion "1"]
[SourceVersionDate "2019.06.27"]
[SourceQuality "1"]

1. e4 e5 2. Nf3 Nc6 3. c3 d5 4. Qa4 f6 5. Bb5 Nge7 6. O-O dxe4 7. Qxe4 Bf5 8.
Qa4 Bd3 9. Bxd3 Qxd3 10. Ne1 Qd7 11. d3 Nd5 12. Nd2 O-O-O 13. Nc4 g5 14. Be3 a6
15. Qc2 h5 16. b4 h4 17. a4 Nce7 18. b5 Qe6 19. Rb1 Ng6 20. bxa6 Qxa6 21. Rb5
Ngf4 22. Bd2 Qe6 23. Kh1 b6 24. Rb2 Qc6 25. f3 Nh5 26. Rf2 Bc5 27. d4 exd4 28.
cxd4 Bxd4 29. Nxb6+ Qxb6 30. Rxb6 Bxf2 31. Qf5+ Rd7 32. Rb8+ Kxb8 33. Qxd7 Ng3+
34. hxg3 hxg3+ 35. Qh3 Rxh3+ 36. gxh3 c5 37. Nc2 c4 38. Kg2 c3 39. Bc1 Ka7 40.
f4 Nxf4+ 41. Bxf4 gxf4 42. h4 Ka6 43. h5 Be3 44. Kf3 Ka5 45. h6 g2 46. Kxg2 f3+
47. Kxf3 Bxh6 48. Ke4 Kxa4 49. Kd3 Kb3 50. Nd4+ Kb2 51. Ke4 c2 52. Ne2 c1=Q 53.
Nxc1 Bxc1 0-1

[Event "FICS rated standard game"]
[Site "FICS freechess.org"]
[Date "2009.01.22"]
[Round "?"]
[White "AIchess"]
[Black "Thukydides"]
[Result "0-1"]
[WhiteElo "2264"]
[BlackElo "2358"]
[PlyCount "122"]
[EventDate "2009.??.??"]
[SourceTitle "OM Portal C 201906"]
[Source "Opening Master"]
[SourceDate "2019.06.27"]
[SourceVersion "1"]
[SourceVersionDate "2019.06.27"]
[SourceQuality "1"]

1. e4 e5 2. Nf3 Nc6 3. c3 d5 4. Qa4 Bd7 5. exd5 Nd4 6. Qd1 Nxf3+ 7. Qxf3 Nf6 8.
Be2 Bc5 9. Qg3 O-O 10. d3 Nxd5 11. O-O Bd6 12. Bh6 Qf6 13. Bg5 Qg6 14. Bd2 Qe6
15. Re1 Nf4 16. Bf1 Qf6 17. Kh1 Rfe8 18. b3 Bc6 19. a3 e4 20. dxe4 Bxe4 21.
Rxe4 Rxe4 22. Qf3 Rae8 23. Be3 Bc5 24. Nd2 Qxc3 25. Rd1 Rxe3 26. fxe3 Qxe3 27.
Qxe3 Rxe3 28. b4 Be7 29. Nc4 Rc3 30. g3 Ne6 31. Rd7 Bf6 32. Na5 b6 33. Nc4 Bd4
34. b5 g6 35. a4 Rc1 36. Kg2 Ra1 37. a5 bxa5 38. Be2 a4 39. Bg4 Rg1+ 40. Kh3
Ng5+ 41. Kh4 Bf6 42. Be2 Rg2 43. Bd1 Rxh2+ 44. Kg4 Rf2 45. Kh4 Nf3+ 46. Kg4 Ng1
47. Rd5 Be7 48. Ne3 f5+ 49. Rxf5 gxf5+ 50. Nxf5 h5+ 51. Kxh5 Rxf5+ 52. Kg4 Rxb5
53. Bxa4 Rb4+ 54. Kf5 Rxa4 55. Ke6 Bd6 56. Kd5 Kf7 57. Kc6 Rb4 58. Kd7 Bxg3 59.
Kd8 Ke6 60. Kc8 c5 61. Kd8 Rb8# 0-1

[Event "Madrid-ch sf-A"]
[Site "Madrid"]
[Date "2009.01.19"]
[Round "4"]
[White "Quintero Torres, Pedro"]
[Black "Garcia Gonzalez, Pedro A"]
[Result "1-0"]
[WhiteElo "2046"]
[BlackElo "1927"]
[PlyCount "155"]
[EventDate "2009.01.12"]
[EventType "swiss"]
[EventRounds "9"]
[EventCountry "ESP"]
[SourceTitle "CBM 128 Extra"]
[Source "ChessBase"]
[SourceDate "2009.03.05"]
[SourceVersion "2"]
[SourceVersionDate "2009.03.25"]
[SourceQuality "1"]

1. e4 e5 2. Nf3 Nc6 3. c3 d5 4. Bb5 a6 5. Bxc6+ bxc6 6. Qa4 dxe4 7. Qxc6+ Bd7
8. Qxe4 Nf6 9. Qxe5+ Be7 10. O-O O-O 11. d4 Bd6 12. Qg5 h6 13. Qh4 Re8 14. Ne5
Bxe5 15. dxe5 Rxe5 16. f3 Qe7 17. Nd2 Re8 18. Ne4 Nxe4 19. Qxe7 R8xe7 20. fxe4
Rxe4 21. Bd2 Re2 22. Rae1 Bb5 23. Rxe2 Rxe2 24. Rf2 Re6 25. b3 Kf8 26. c4 Bd7
27. Kf1 Ke8 28. Re2 Rxe2 29. Kxe2 Ke7 30. Ke3 h5 31. Bc3 g6 32. Kd4 Kd6 33.
Bb4+ Kc6 34. Be7 Be6 35. b4 Bf5 36. a4 Be6 37. Bh4 Bf5 38. Bf2 Be6 39. Be1 Bf5
40. b5+ axb5 41. cxb5+ Kb6 42. Kc4 Be6+ 43. Kb4 Bd5 44. a5+ Kb7 45. g3 Be4 46.
Bf2 Bf3 47. Kc5 Be4 48. a6+ Ka8 49. Bd4 Bf3 50. Be5 Be2 51. Bxc7 Bd3 52. Kb6
Be4 53. Ka5 Bd3 54. b6 Be4 55. b7+ Bxb7 56. axb7+ Kxb7 57. Be5 Kc6 58. Kb4 Kd5
59. Bb8 Kd4 60. Kb3 Kd3 61. Bc7 Kd4 62. Kc2 Kc4 63. Kd2 Kd4 64. Ke2 Ke4 65. Bd8
Kf5 66. Kf3 Ke5 67. Bc7+ Kf5 68. Bb8 Kg5 69. Bc7 Kf5 70. Bf4 g5 71. Bc7 g4+ 72.
Ke3 Kg5 73. Ke4 f5+ 74. Ke3 f4+ 75. Bxf4+ Kf5 76. Bb8 Kg5 77. Ke4 Kf6 78. Kf4
1-0

[Event "Gora Sw Anny op 2nd"]
[Site "Gora Sw Anny"]
[Date "2009.01.18"]
[Round "3"]
[White "Klama, Andrzej"]
[Black "Belsak, Zan"]
[Result "0-1"]
[WhiteElo "1663"]
[BlackElo "2029"]
[PlyCount "64"]
[EventDate "2009.01.16"]
[EventType "swiss"]
[EventRounds "9"]
[EventCountry "POL"]
[SourceTitle "CBM 128 Extra"]
[Source "ChessBase"]
[SourceDate "2009.03.05"]
[SourceVersion "2"]
[SourceVersionDate "2009.03.25"]
[SourceQuality "1"]

1. e4 e5 2. Nf3 Nc6 3. c3 Nf6 4. d3 d5 5. exd5 Qxd5 6. Bg5 Bf5 7. Be2 O-O-O 8.
O-O Bxd3 9. Nbd2 Bc5 10. b4 Bb6 11. c4 Qd6 12. c5 Bxc5 13. bxc5 Qxc5 14. Re1
Rhe8 15. Qb3 Bg6 16. Nf1 e4 17. Nh4 Qxg5 18. Nxg6 hxg6 19. Rab1 b6 20. Ba6+ Kb8
21. Rbc1 Re6 22. Ne3 Qa5 23. Bc4 Nd4 24. Qb2 Re7 25. Red1 c5 26. Rd2 Nf3+ 27.
gxf3 Rxd2 28. Qc3 Qxc3 29. Rxc3 exf3 30. Nf1 Rd4 31. Bb3 Rg4+ 32. Kh1 Re1 0-1

[Event "AUT-chT2W 0809"]
[Site "Austria"]
[Date "2009.01.17"]
[Round "7.5"]
[White "Klocker, Daniel"]
[Black "Jedinger, Andreas"]
[Result "0-1"]
[WhiteElo "2075"]
[BlackElo "2183"]
[PlyCount "54"]
[EventDate "2008.10.17"]
[EventType "team-tourn"]
[EventRounds "11"]
[EventCountry "AUT"]
[SourceTitle "EXT 2010"]
[Source "ChessBase"]
[SourceDate "2009.11.30"]
[SourceVersion "1"]
[SourceVersionDate "2009.11.30"]
[SourceQuality "1"]
[WhiteTeam "Dornbirn"]
[BlackTeam "Rochade Rum"]
[WhiteTeamCountry "AUT"]
[BlackTeamCountry "AUT"]

1. e4 e5 2. Nf3 Nc6 3. c3 d5 4. Qa4 Bd7 5. exd5 Nd4 6. Qd1 Nxf3+ 7. Qxf3 Nf6 8.
d4 e4 9. Qe3 Bd6 10. Bc4 O-O 11. h3 b5 12. Bb3 h6 13. O-O c6 14. dxc6 Bxc6 15.
Rd1 Qe7 16. Nd2 Rae8 17. c4 bxc4 18. Bxc4 Nd5 19. Bxd5 Bxd5 20. Nb3 f5 21. Nc5
f4 22. Qc3 Rf7 23. Re1 Qh4 24. Nxe4 Rxe4 25. Rxe4 Bxe4 26. f3 Bd5 27. Bd2 Qd8
0-1

[Event "Prague op-B 08th"]
[Site "Prague"]
[Date "2009.01.13"]
[Round "5"]
[White "Kearsley, Raymond J"]
[Black "Wiener, Richard"]
[Result "0-1"]
[WhiteElo "1809"]
[BlackElo "2025"]
[PlyCount "62"]
[EventDate "2009.01.09"]
[EventType "swiss"]
[EventRounds "9"]
[EventCountry "CZE"]
[SourceTitle "EXT 2010"]
[Source "ChessBase"]
[SourceDate "2009.11.30"]
[SourceVersion "1"]
[SourceVersionDate "2009.11.30"]
[SourceQuality "1"]

1. e4 e5 2. Nf3 Nc6 3. c3 Nf6 4. d4 Nxe4 5. dxe5 Bc5 6. Bc4 O-O 7. O-O d5 8.
Bxd5 Nxf2 9. Rxf2 Ne7 10. Bxf7+ Kxf7 11. Nd4+ Kg8 12. Qb3+ Kh8 13. Be3 Ng6 14.
Rxf8+ Qxf8 15. Nd2 Nxe5 16. Rf1 Qg8 17. Qb5 b6 18. Bf4 Bd7 19. Qe2 Nc6 20. N2b3
Bg4 21. Qe4 Nxd4 22. Nxd4 Re8 23. Be5 Qe6 24. Re1 Kg8 25. b4 Bxd4+ 26. cxd4 Bf5
27. Qb7 Qc4 28. Rf1 Bd3 29. Rd1 Qc2 30. Qf3 Rf8 31. Qg4 Qf2+ 0-1

[Event "FICGS__CHESS__BULLET_BRONZE__000056"]
[Site "FICGS"]
[Date "2009.01.13"]
[Round "1"]
[White "Laine, Jari"]
[Black "Kane, Paul"]
[Result "1-0"]
[WhiteElo "1929"]
[BlackElo "1800"]
[PlyCount "65"]
[EventDate "2009.??.??"]
[SourceTitle "OM Corr 202003"]
[Source "Opening Master"]
[SourceDate "2019.05.30"]
[SourceVersion "2"]
[SourceVersionDate "2019.05.30"]
[SourceQuality "1"]
[WhiteTeam "Chequia"]
[BlackTeam "Chequia"]
[WhiteTeamCountry "CZE"]
[BlackTeamCountry "CZE"]

1. e4 e5 2. Nf3 Nc6 3. c3 Nf6 4. d4 d6 5. Bd3 Be7 6. O-O O-O 7. d5 Nb8 8. c4
Nbd7 9. Nc3 Nc5 10. h3 Nxd3 11. Qxd3 Nh5 12. Ne2 f5 13. Nh2 fxe4 14. Qxe4 Bf5
15. Qf3 Bg6 16. Qb3 Rb8 17. Ng4 Kh8 18. Be3 b6 19. Kh2 Bg5 20. Qc3 a5 21. g3
Bxe3 22. Qxe3 e4 23. f4 exf3 24. Rxf3 Rxf3 25. Qxf3 Qg5 26. Rf1 h6 27. h4 Qd2
28. Rf2 Qd3 29. Nf4 Nxf4 30. gxf4 Qxf3 31. Rxf3 Re8 32. f5 Bh5 33. Re3 1-0

[Event "Leverkusen-ch op"]
[Site "Leverkusen"]
[Date "2009.01.12"]
[Round "1"]
[White "Angermuende, Dirk"]
[Black "Buchfelder, Gerhard"]
[Result "1-0"]
[WhiteElo "1966"]
[BlackElo "1455"]
[PlyCount "53"]
[EventDate "2009.01.12"]
[EventType "swiss"]
[EventRounds "7"]
[EventCountry "GER"]
[SourceTitle "EXT 2010"]
[Source "ChessBase"]
[SourceDate "2009.11.30"]
[SourceVersion "1"]
[SourceVersionDate "2009.11.30"]
[SourceQuality "1"]

1. e4 e5 2. Nf3 Nc6 3. c3 Be7 4. d4 exd4 5. cxd4 d6 6. h3 Nf6 7. Bd3 h6 8. Nc3
O-O 9. Be3 a6 10. Rc1 Bd7 11. O-O Qc8 12. Bb1 Rd8 13. Kh2 Bf8 14. Qd2 Ne7 15.
Rfd1 b6 16. e5 Ne8 17. Bf4 d5 18. g4 Be6 19. Ne2 Ra7 20. Rg1 Ng6 21. Be3 Qd7
22. Ng3 Be7 23. Nf5 Bf8 24. Qc2 Rc8 25. N5h4 c5 26. Nxg6 cxd4 27. Ne7+ 1-0

[Event "FICS rated standard game"]
[Site "FICS freechess.org"]
[Date "2009.01.09"]
[Round "?"]
[White "tentacle"]
[Black "Steveolio"]
[Result "1-0"]
[WhiteElo "2286"]
[BlackElo "2017"]
[PlyCount "30"]
[EventDate "2009.??.??"]
[SourceTitle "OM Portal C 201906"]
[Source "Opening Master"]
[SourceDate "2019.06.27"]
[SourceVersion "1"]
[SourceVersionDate "2019.06.27"]
[SourceQuality "1"]

1. e4 e5 2. Nf3 Nc6 3. c3 Nf6 4. d4 exd4 5. e5 Nxe5 6. Nxe5 dxc3 7. Nxc3 Qe7 8.
Qe2 d6 9. Nd3 Bf5 10. Nb5 O-O-O 11. Qxe7 Bxe7 12. Nxa7+ Kb8 13. Nb5 Rhe8 14.
Nd4 Nd7 15. Nxf5 Nb6 1-0

[Event "FICGS__CHESS__CLASS_F__000071"]
[Site "FICGS"]
[Date "2009.01.08"]
[Round "1"]
[White "Stoyanov, Zdravko"]
[Black "Jankovic, Mladen"]
[Result "0-1"]
[WhiteElo "1364"]
[BlackElo "1142"]
[PlyCount "44"]
[EventDate "2009.??.??"]

1. e4 e5 2. Nf3 Nc6 3. c3 d5 4. Bb5 dxe4 5. Nxe5 Qd5 6. Nxc6 Qxb5 7. Nd4 Qd5 8.
O-O Nf6 9. Re1 Bf5 10. Qf3 g6 11. d3 O-O-O 12. dxe4 Nxe4 13. Qe3 Bc5 14. Qf4
Bxd4 15. cxd4 Qxd4 16. Qf3 Rhe8 17. h3 Rd7 18. Be3 Qxb2 19. Nd2 Nxd2 20. Bxd2
Rxe1+ 21. Rxe1 Qxd2 22. a3 Qxe1+ 0-1

[Event "Kimry-ch"]
[Site "Kimry"]
[Date "2009.01.07"]
[Round "9"]
[White "Burlay, Vladimir"]
[Black "Makhnev, Yuri"]
[Result "0-1"]
[WhiteElo "1958"]
[BlackElo "1853"]
[PlyCount "80"]
[EventDate "2009.01.02"]
[EventType "swiss"]
[EventRounds "9"]
[EventCountry "RUS"]
[SourceTitle "EXT 2010"]
[Source "ChessBase"]
[SourceDate "2009.11.30"]
[SourceVersion "1"]
[SourceVersionDate "2009.11.30"]
[SourceQuality "1"]

1. e4 e5 2. Nf3 Nc6 3. c3 Nf6 4. d3 Be7 5. Be3 d5 6. exd5 Nxd5 7. Be2 O-O 8.
O-O Bg4 9. a3 Qd7 10. Nbd2 Rad8 11. d4 exd4 12. Nxd4 Nxe3 13. fxe3 Bxe2 14.
Qxe2 Rde8 15. N2f3 Bc5 16. Kh1 Nxd4 17. cxd4 Bb6 18. Rad1 Qd5 19. b4 Re7 20.
Qd3 Rfe8 21. Ne5 c6 22. Rf3 f6 23. Nc4 Bc7 24. Rh3 g6 25. Re1 Re4 26. Rf1 Kg7
27. Nd2 R4e7 28. Rhf3 Qd6 29. g3 f5 30. Kg2 b5 31. h4 h5 32. R1f2 Qd5 33. Kh3
a5 34. Nb3 axb4 35. axb4 Bd6 36. Nc5 Bxc5 37. bxc5 Ra8 38. Kh2 Rea7 39. Kg1
Ra1+ 40. Rf1 Qxf3 0-1

[Event "OP-00712"]
[Site "LSS"]
[Date "2009.01.07"]
[Round "?"]
[White "Segovia, Didier"]
[Black "Kovacs, Arthur"]
[Result "0-1"]
[WhiteElo "445"]
[BlackElo "2331"]
[PlyCount "36"]
[EventDate "2009.01.05"]

1. e4 e5 2. Nf3 Nc6 3. c3 Nf6 4. Qa4 d6 5. d4 Nxe4 6. d5 Nc5 7. Qc2 Ne7 8. Be2
Nxd5 9. b3 Qf6 10. Bb2 Bf5 11. Qd2 Nf4 12. O-O Qg6 13. g3 Be7 14. Na3 h5 15.
Kh1 Nxe2 16. Qxe2 h4 17. Rg1 Bd3 18. Qe1 Be4 0-1

[Event "Staufer op 21st"]
[Site "Schwaebisch Gmuend"]
[Date "2009.01.05"]
[Round "8"]
[White "Schmid, Hartmut"]
[Black "Schmieder, Siegfried"]
[Result "1-0"]
[WhiteElo "2193"]
[BlackElo "2073"]
[PlyCount "103"]
[EventDate "2009.01.02"]
[EventType "swiss"]
[EventRounds "9"]
[EventCountry "GER"]
[SourceTitle "CBM 128 Extra"]
[Source "ChessBase"]
[SourceDate "2009.03.05"]
[SourceVersion "2"]
[SourceVersionDate "2009.03.25"]
[SourceQuality "1"]

1. e4 Nc6 2. Nf3 e5 3. c3 d5 4. Qa4 Bd7 5. exd5 Nd4 6. Qd1 Nxf3+ 7. Qxf3 Bd6 8.
d4 exd4 9. cxd4 Nf6 10. Bd3 Qe7+ 11. Qe3 Nxd5 12. Qxe7+ Bxe7 13. Nc3 Bc6 14.
O-O O-O-O 15. a3 Bf6 16. Be3 Rhe8 17. Rfe1 Nb6 18. Ne2 g6 19. Rac1 a6 20. Bxa6
Nd5 21. Rxc6 bxa6 22. Rec1 Rd7 23. Nc3 Nxe3 24. Rxf6 Nc4 25. Rxa6 Rxd4 26. b4
Rd3 27. g3 Kb7 28. Rf6 Re7 29. Na4 Rd4 30. Nc5+ Kb8 31. a4 Nd6 32. b5 Ka7 33.
Kg2 Kb6 34. Rc2 Rd5 35. Nb3 Rd3 36. Rc6+ Ka7 37. Nc5 Rd4 38. Na6 Kb7 39. Nc5+
Ka7 40. Ra6+ Kb8 41. Nb3 Rd5 42. Na5 Kc8 43. Ra7 Re4 44. Nc6 Kd7 45. Ra8 Re8
46. Rxe8 Kxe8 47. Rf3 Rc5 48. Rb3 Kd7 49. Rb2 Nc4 50. Rb4 Nd6 51. Nd4 Nc4 52.
Nb3 1-0

[Event "FICS rated standard game"]
[Site "FICS freechess.org"]
[Date "2009.01.05"]
[Round "?"]
[White "LancePerkins"]
[Black "sumiqi"]
[Result "1-0"]
[WhiteElo "2540"]
[BlackElo "2032"]
[PlyCount "43"]
[EventDate "2009.??.??"]
[SourceTitle "OM Portal C 201906"]
[Source "Opening Master"]
[SourceDate "2019.06.27"]
[SourceVersion "1"]
[SourceVersionDate "2019.06.27"]
[SourceQuality "1"]

1. e4 e5 2. Nf3 Nc6 3. c3 Nf6 4. d3 Be7 5. Nbd2 O-O 6. Be2 d5 7. b4 a6 8. O-O
Bg4 9. Bb2 dxe4 10. dxe4 Qd7 11. a4 Rfd8 12. Qc2 Bh5 13. Nc4 Bxf3 14. Bxf3 Qe6
15. Ne3 Rd7 16. Be2 Nd8 17. Bc4 Qb6 18. Bb3 Qc6 19. Rfe1 Qxe4 20. Qxe4 Nxe4 21.
Nc4 f5 22. Nxe5+ 1-0

[Event "Delft Prinsenstad op-A"]
[Site "Delft"]
[Date "2009.01.03"]
[Round "4"]
[White "Heijne, Pim"]
[Black "Oranje, Richard"]
[Result "0-1"]
[WhiteElo "1986"]
[BlackElo "2118"]
[PlyCount "76"]
[EventDate "2009.01.02"]
[EventType "swiss"]
[EventRounds "6"]
[EventCountry "NED"]
[SourceTitle "EXT 2011"]
[Source "ChessBase"]
[SourceDate "2010.11.26"]
[SourceVersion "1"]
[SourceVersionDate "2010.11.26"]
[SourceQuality "1"]

1. e4 e5 2. Nf3 Nc6 3. c3 Nf6 4. d4 exd4 5. e5 Ne4 6. Qe2 Nc5 7. cxd4 Ne6 8. d5
Ncd4 9. Nxd4 Nxd4 10. Qe4 Bb4+ 11. Bd2 Bxd2+ 12. Nxd2 c5 13. Nc4 O-O 14. Bd3 g6
15. O-O f5 16. exf6 Qxf6 17. d6 Rb8 18. Qd5+ Ne6 19. Rae1 b6 20. Ne5 Kh8 21.
Bb5 Nf4 22. Qb3 a6 23. Bxd7 Bb7 24. Bc6 Qxd6 25. Bxb7 Rxb7 26. Re3 Qd5 27. Qxd5
Nxd5 28. Rd3 Nb4 29. Rd7 Rxd7 30. Nxd7 Rd8 31. Nxb6 Rd2 32. a3 Nc6 33. Na4 c4
34. f4 c3 35. Rc1 c2 36. Nc3 Nd4 37. Kf1 Nb3 38. Re1 c1=Q 0-1

[Event "3m + 0s, rated"]
[Site "?"]
[Date "2009.01.03"]
[Round "?"]
[White "Zayats"]
[Black "Chanwxt"]
[Result "1-0"]
[WhiteElo "2727"]
[BlackElo "2733"]
[PlyCount "103"]
[EventDate "2009.01.11"]
[EventType "blitz"]
[SourceTitle "OM Portal C 201906"]
[Source "Opening Master"]
[SourceDate "2019.06.27"]
[SourceVersion "1"]
[SourceVersionDate "2019.06.27"]
[SourceQuality "1"]

1. e4 e5 2. Nf3 Nc6 3. c3 Nf6 4. d4 Nxe4 5. d5 Ne7 6. Nxe5 d6 7. Qa4+ c6 8.
dxc6 bxc6 9. Qxe4 dxe5 10. Qxe5 Be6 11. Be2 Ng6 12. Qe4 Rc8 13. Ba6 Rc7 14. O-O
Bd6 15. Nd2 O-O 16. Nc4 Bd5 17. Qd4 Be7 18. Ne3 Bf6 19. Qd1 Rd7 20. Nxd5 Rxd5
21. Qf3 Nh4 22. Qg4 Bg5 23. Bc4 Rc5 24. Bb3 Bxc1 25. Raxc1 Rg5 26. Qh3 Rxg2+
27. Kh1 Rg6 28. Rg1 Qf6 29. Rxg6 hxg6 30. Qg3 c5 31. Rd1 Re8 32. h3 Nf5 33. Qf3
Qh4 34. Rd7 c4 35. Bc2 Re1+ 36. Kh2 Qf6 37. Bxf5 gxf5 38. Rd4 Qe5+ 39. Qf4
Qxf4+ 40. Rxf4 Re2 41. Kg3 Rxb2 42. a4 Ra2 43. Rxc4 g6 44. h4 Kg7 45. f3 a5 46.
Kf4 Kf6 47. Rc6+ Kg7 48. Rc4 Ra3 49. Ke5 Kh6 50. Kd4 Kh5 51. Rc7 f6 52. c4 1-0

[Event "3m + 0s, rated"]
[Site "?"]
[Date "2009.01.03"]
[Round "?"]
[White "Omnislash"]
[Black "Nanouk"]
[Result "1-0"]
[WhiteElo "2871"]
[BlackElo "2862"]
[PlyCount "85"]
[EventDate "2009.01.11"]
[EventType "blitz"]
[SourceTitle "OM Portal C 201906"]
[Source "Opening Master"]
[SourceDate "2019.06.27"]
[SourceVersion "1"]
[SourceVersionDate "2019.06.27"]
[SourceQuality "1"]

1. e4 e5 2. Nf3 Nc6 3. c3 d5 4. Qa4 Bd7 5. exd5 Nd4 6. Qd1 Nxf3+ 7. Qxf3 Bd6 8.
Bc4 f5 9. d3 Nf6 10. Bg5 O-O 11. Nd2 b5 12. Bb3 a5 13. a3 e4 14. dxe4 fxe4 15.
Qe3 h6 16. Bxf6 Qxf6 17. Nxe4 Qg6 18. Nxd6 Qxg2 19. O-O-O cxd6 20. Rhg1 Qxf2
21. Qxh6 Qf4+ 22. Qxf4 Rxf4 23. Rg6 Rf6 24. Rdg1 Rxg6 25. Rxg6 Ra6 26. Bc2 Kf8
27. Bd3 Be8 28. Rg4 Ra7 29. Rf4+ Ke7 30. Kc2 Bd7 31. Re4+ Kf6 32. Rf4+ Ke7 33.
c4 bxc4 34. Rxc4 a4 35. Kc3 Ra8 36. Bc2 Rh8 37. Bxa4 Rh3+ 38. Kb4 Bxa4 39. Kxa4
Rxh2 40. b4 g5 41. b5 Kf6 42. b6 Ke5 43. b7 1-0

[Event "RN-00171"]
[Site "LSS"]
[Date "2009.01.03"]
[Round "?"]
[White "Segovia, Didier"]
[Black "Losev, Vyacheslav"]
[Result "0-1"]
[WhiteElo "448"]
[BlackElo "667"]
[PlyCount "64"]
[EventDate "2009.01.01"]

1. e4 e5 2. Nf3 Nc6 3. c3 Nf6 4. d3 Bc5 5. Bg5 h6 6. Bh4 Be7 7. Be2 O-O 8. O-O
d6 9. Na3 d5 10. Bg3 Bd6 11. Qc2 dxe4 12. dxe4 Be6 13. Rad1 a6 14. Nxe5 Nxe5
15. Bxe5 Ng4 16. Bxd6 cxd6 17. h3 Ne5 18. b3 Qg5 19. Bg4 Bxg4 20. hxg4 Nxg4 21.
f3 Ne3 22. Qe2 Nxd1 23. Rxd1 Rac8 24. c4 Rfe8 25. Rxd6 Qc1+ 26. Kf2 Qxa3 27.
Rd7 b5 28. cxb5 axb5 29. Rd5 Qa7+ 30. Kg3 Rc5 31. Qe3 Qc7+ 32. Kh3 Rxd5 0-1

[Event "Staufer op 21st"]
[Site "Schwaebisch Gmuend"]
[Date "2009.01.02"]
[Round "1"]
[White "Zunker, Reinhard"]
[Black "Fels, Karl Heinz"]
[Result "1-0"]
[WhiteElo "2194"]
[BlackElo "1936"]
[PlyCount "81"]
[EventDate "2009.01.02"]
[EventType "swiss"]
[EventRounds "9"]
[EventCountry "GER"]
[SourceTitle "CBM 128 Extra"]
[Source "ChessBase"]
[SourceDate "2009.03.05"]
[SourceVersion "2"]
[SourceVersionDate "2009.03.25"]
[SourceQuality "1"]

1. e4 e5 2. Nf3 Nc6 3. c3 d5 4. Qa4 dxe4 5. Nxe5 Qd5 6. Nxc6 bxc6 7. Bc4 Qd7 8.
Na3 Nf6 9. Nc2 Bd6 10. h3 O-O 11. Ne3 Bb7 12. g4 h6 13. d4 exd3 14. Bxd3 Rfe8
15. Bd2 c5 16. Qxd7 Nxd7 17. O-O Ne5 18. Be2 Bf3 19. Rfe1 Rad8 20. Bb5 c6 21.
Bf1 Bc7 22. Nc4 Re6 23. Nxe5 Bxe5 24. Be3 Bd6 25. Bg2 Bd5 26. b3 Be5 27. Rac1
Bxg2 28. Kxg2 Bd6 29. f4 Rde8 30. Kf3 a6 31. Bd2 Kf8 32. Rxe6 fxe6 33. Ke4 Kf7
34. Be3 e5 35. f5 g5 36. Rd1 Bf8 37. Rd7+ Re7 38. Rd6 Rc7 39. Re6 Bg7 40. Bxc5
Bf6 41. Bd6 1-0

[Event "Dimitrovgrad-ch"]
[Site "Dimitrovgrad"]
[Date "2009.??.??"]
[Round "4"]
[White "Matveenko, Yury"]
[Black "Lukjanenko, Alexander"]
[Result "0-1"]
[WhiteElo "2125"]
[BlackElo "2375"]
[PlyCount "90"]
[EventDate "2009.08.??"]
[EventType "swiss"]
[EventRounds "9"]
[EventCountry "RUS"]
[SourceTitle "EXT 2012"]
[Source "ChessBase"]
[SourceDate "2011.11.24"]
[SourceVersion "1"]
[SourceVersionDate "2011.11.24"]
[SourceQuality "1"]

1. e4 e5 2. Nf3 Nc6 3. c3 Nf6 4. d4 Nxe4 5. d5 Ne7 6. Nxe5 Ng6 7. Qe2 Qe7 8.
Qxe4 Qxe5 9. Bd3 Qxe4+ 10. Bxe4 Be7 11. O-O d6 12. Re1 f5 13. Bc2 Kf7 14. Na3
Bd7 15. Nc4 Bf6 16. Ne3 Ne7 17. g3 g5 18. Bb3 Ng6 19. Bc2 f4 20. Bf5 Ne5 21.
Bxd7 Nf3+ 22. Kf1 Nxe1 23. Be6+ Kg6 24. Kxe1 fxe3 25. Bxe3 h5 26. h3 h4 27. g4
Be5 28. Ke2 Rhe8 29. Kd3 c5 30. b3 Rf8 31. Bf5+ Kf6 32. Re1 b5 33. Bd7 a6 34.
Be6 Rfb8 35. Rf1 a5 36. Ke4 Rf8 37. Bd7 Rab8 38. a4 bxa4 39. Bxa4 Bxc3 40. Kd3
Be5 41. Bd2 Kg6 42. Ke2 Rf7 43. Bxa5 Ra7 44. Bd2 c4 45. Rb1 Rxa4 0-1